Miền Nam giữ vững thành đồng Lược sử đồng bào miền nam đấu tranh chống Mỹ và tay sai T.5 Từ tổng tiến công và nổi dậy đồng loạt tết Mậu thân, 1968 đến những bwóc đầu của chiến lược "Việt Nam hoá" chiến tranh đầu năm 1970

Sparad:
Bibliografiska uppgifter
Huvudupphovsman: Trần Văn Giàu
Materialtyp: Bok
Språk:Vietnamese
Publicerad: H. Khoa học xã hội 1978
Ämnen:
Taggar: Lägg till en tagg
Inga taggar, Lägg till första taggen!
Thư viện lưu trữ: Trung tâm Học liệu Lê Vũ Hùng, Trường Đại học Đồng Tháp
LEADER 01177pam a22002538a 4500
001 00024882
005 20171026081025.0
008 110724s1978 ||||||viesd
041 0 # |a vie 
082 1 # |a 959.704 332  |b M305N 
100 1 # |a Trần Văn Giàu 
245 1 0 |c Trần Văn Giàu  |n T.5  |p Từ tổng tiến công và nổi dậy đồng loạt tết Mậu thân, 1968 đến những bwóc đầu của chiến lược "Việt Nam hoá" chiến tranh đầu năm 1970  |a Miền Nam giữ vững thành đồng  |b Lược sử đồng bào miền nam đấu tranh chống Mỹ và tay sai 
260 # # |a H.  |b Khoa học xã hội  |c 1978 
300 # # |a 422tr.  |c 19cm 
650 |a Kháng chiến chống Mỹ 
650 |a Lịch sử 
650 |a Việt Nam hóa chiến tranh 
650 |a Việt Nam 
650 |a Tổng tấn công mậu thân 
852 # # |j KD.0010098  |j KM.0002337 
852 # # |b Kho đọc  |j KD.0010098 
852 # # |b Kho mượn  |j KM.0002337 
910 # # |a Ntuyet  |d 24/07/2011 
980 # # |a Trung tâm Học liệu Lê Vũ Hùng, Trường Đại học Đồng Tháp